| 000 | 00646nam a22001817a 4500 | ||
|---|---|---|---|
| 003 | BD-DhUL | ||
| 005 | 20160824200040.0 | ||
| 008 | 160824s1981 b ||||| |||| 00| 0 eng d | ||
| 040 |
_cBD-DhUL _dBD-DhUL |
||
| 082 |
_a907.2 _bMAE |
||
| 100 | _aমমতাজুর রহমান তরফদার | ||
| 245 | 1 | 0 |
_aইতিহাস ও ঐতিহাসিক / _cমমতাজুর রহমান তরফদার |
| 260 |
_aঢাকা : _bবাংলা একাডেমী, _c১৯৮১. |
||
| 300 |
_a১৪৪ পৃ. ; _c২১ সে. মি. |
||
| 650 | 0 | _aইতিহাস | |
| 650 | 0 | _aHistory | |
| 942 |
_2ddc _cBK |
||
| 999 |
_c101624 _d101624 |
||